01938nab a22002417a 4500003000400000005001700004008004100021040000700062100002600069245007500095260004200170300001200212500003700224505107500261505008901336650002001425650002401445650003101469650001101500650002901511650003601540773012001576OSt20260201161315.0190506c xxu||||| |||| 00| 0 spa d cPJ aBesse, Maricel Mabel 13aLa prueba electrónica en el proceso laboral /cMaricel Mabel Besse.  aBuenos Aires :bAbeledoPerrot,c2023. ap. 7-19 aCita: TR LALEY AR/DOC/1831/2023  aSumario: I. Introducción.— II. ¿A qué nos referimos con prueba electrónica?— III. Herramientas de prueba en la ley 11.653.— IV. La investigación forense del perito informático.— V. La investigación forense del abogado.— VI. Sistemas vigentes para validar archivos en el proceso.— VII. Procedimiento para validar correos electrónicos.— VIII. Procedimiento para validar mensajes de texto.— IX. Presunciones.— X. ¿Cómo se configura la presunción en un documento electrónico?— XI. Estrategia procesal.— XII. Agregación y ofrecimiento de los medios de prueba.— XIII. Particularidades de algunos tipos de prueba digital.— XIV. Incidencia de la prueba electrónica dentro de un conflicto laboral.— XV. Facultades del empleador y su uso de las herramientas tecnológicas.— XVI. Uso de dispositivos de video-vigilancia en el lugar de trabajo.— XVII. Grabaciones reproducidas por los trabajadores en redes sociales.— XVIII. Rastreo de los trabajadores por geolocalización.— XIX. Conclusión.— XX. Bibliografía.  t¿Te interesa el texto completo? Comunicate al correo: koha@justierradelfuego.gov.ar 0aDERECHO LABORAL 0aCONTRATO DE TRABAJO 0aLEY DE CONTRATO DE TRABAJO 0aPRUEBA 0aAPRECIACION DE LA PRUEBA 0aMEDIOS DE PRUEBA ELECTRÓNICOS0 02751dBuenos Aires : AbeledoPerrot, 2013-tRevista de derecho laboral y seguridad social. Nº 18 - Septiembre 2023